Statistiken für Länder am nächsten zu Gambia - Ein-Minuten-Sprint

Klicken Sie hier um das Quiz zu spielen!

Allgemein

  • Dieses Quiz wurde 87 mal gespielt
  • Das Durchschnittsergebnis liegt bei 15 aus 20

Antwortstatistiken

kmLand% Korrekt
0Senegal
97%
74Guinea
95%
189Mali
92%
61Guinea-Bissau
91%
1357Marokko
91%
214Mauretanien
91%
721Côte d'Ivoire
87%
1221Ghana
83%
1584Algerien
82%
1511Niger
80%
413Sierra Leone
79%
1505Togo
79%
1615Benin
78%
665Liberia
78%
940Burkina Faso
75%
1868Nigeria
68%
700Cabo Verde
66%
1548Spanien
42%
2099Portugal
33%
799Westsahara
16%

Verteilung der Resultate

Perzentil nach korrekt beantworteten Fragen

Anzahl Personen mit jedem Resultat

Ihre Resultats-Entwicklung

Sie haben dieses Quiz noch nicht gespielt